Central Library OPAC University of Rajshahi

আধুনিক পরিসংখ্যান : (Record no. 68970)

MARC details
000 -LEADER
fixed length control field 00928nam a2200229 a 4500
001 - CONTROL NUMBER
control field 68970
003 - CONTROL NUMBER IDENTIFIER
rucl marc code BD-RjUL
005 - DATE AND TIME OF LATEST TRANSACTION
control field 20211209081832.0
008 - FIXED-LENGTH DATA ELEMENTS--GENERAL INFORMATION
fixed length control field 170409s1991 bg a|||| |||| 00| 0 ben d
035 ## - SYSTEM CONTROL NUMBER
System control number (BD-RjUL)69181
040 ## - CATALOGING SOURCE
Original cataloging agency BD-RjUL
Language of cataloging ben
Transcribing agency BD-RjUL
041 ## - LANGUAGE CODE
Language code of text/sound track or separate title ben
082 ## - DEWEY DECIMAL CLASSIFICATION NUMBER
Classification number 519.5
Author mark and year AHA 1981
Edition number 23
100 ## - MAIN ENTRY--PERSONAL NAME
Personal name আহমেদ, মোজহার উদ্দিন
9 (RLIN) 117153
245 10 - TITLE STATEMENT
Title আধুনিক পরিসংখ্যান :
Remainder of title (সংক্ষিপ্ত প্রশ্নোত্তরসহ) /
Statement of responsibility, etc. মোজহার উদ্দিন আহমেদ
250 ## - EDITION STATEMENT
Edition statement ৫ম সং.
260 ## - PUBLICATION, DISTRIBUTION, ETC. (IMPRINT)
Place of publication, distribution, etc. ঢাকা :
Name of publisher, distributor, etc. মল্লিক ব্রাদার্স,
Date of publication, distribution, etc. ১৯৯১.
300 ## - PHYSICAL DESCRIPTION
Pagination ৯৬৬ পৃ. :
Illustrations চিত্র ;
Size ২১ সেমি.
650 ## - SUBJECT ADDED ENTRY--TOPICAL TERM
Topical term or geographic name as entry element গাণিতিক পরিসংখ্যান
9 (RLIN) 117077
Topical term or geographic name as entry element Mathematical Statistics
9 (RLIN) 117154
942 ## - ADDED ENTRY ELEMENTS (KOHA)
Source of classification or shelving scheme Dewey Decimal Classification
Koha item type Books
Holdings
Lost status Source of classification or shelving scheme Damaged status Not for loan Collection code Permanent Location Current Location Shelving location Date acquired Source of acquisition Cost, normal purchase price Total Checkouts Full call number Date last seen Copy number Koha item type
  Dewey Decimal Classification   Not For Loan Non-fiction Central Library, University of Rajshahi Central Library, University of Rajshahi Reading Room 15/11/2000 RUCL 130.00   B 519.5 AHA 1981 09/04/2017 C-1 Books